Statistiques concernant Rébus - Joueurs de foot.

Cliquez ici pour prendre le quiz!

Statistiques générales

  • Ce quiz a été pris 4 224 fois
  • Le résultat moyen est 5 sur 9

Statistiques - réponses

Réponse% Correct
Corentin Tolisso
98%
Franck Ribéry
66%
Robert Lewandowski
66%
Antoine Griezmann
64%
N'golo Kanté
63%
Kylian Mbappé
57%
Lucas Paquéta
52%
Luis Suarez
23%
Ronaldo
17%

Distribution des résultats

Percentile par nombre de réponses

% des personnes avec chaque résultat

Votre développement - résultats

Vous n’avez pas pris ce quiz